Teoría de la ilusión financiera / Amilcare Puviani ; traducción, estudio preliminar y notas de Álvaro Rodríguez Bereijo
Descripción Física:
LXXVI, 244 p. ; 24 cm
Otros Autores:
Rodríguez Bereijo, Álvaro, tr
MARC
| LEADER | 00000nam a2200000Ia 4500 | ||
|---|---|---|---|
| 001 | 829 | ||
| 008 | 160829s9999 xx 000 0 cat d | ||
| 080 | |a M-3-48 | ||
| 100 | |a Puviani, Amilcare |9 33441 | ||
| 245 | |a Teoría de la ilusión financiera / Amilcare Puviani ; traducción, estudio preliminar y notas de Álvaro Rodríguez Bereijo | ||
| 260 | |a Madrid : |b Instituto de Estudios Fiscales, DL 1972 | ||
| 300 | |a LXXVI, 244 p. ; |c 24 cm | ||
| 650 | |a Finances públiques |x Itàlia |9 33442 | ||
| 650 | |a Impostos |x Itàlia |9 33443 | ||
| 700 | |a Rodríguez Bereijo, Álvaro, tr. |9 33444 | ||
| 901 | |a Arxiu | ||
| 942 | |n 1 | ||
| 952 | |0 0 |1 0 |4 0 |6 M348 |7 1 |9 46297 |a Arxiu |b Arxiu |d 2016-12-01 |l 0 |o M-3-48 |p 829 |r 2016-12-01 00:00:00 |w 2016-12-01 |y ARXIU | ||
| 999 | |c 49804 |d 49804 | ||